[Event "DVM U20w 2021"]
[Site "Kiel GER"]
[Date "2022.07.24"]
[Round "4"]
[White "Grining, Maria"]
[Black "Peglau, Dora"]
[Result "0-1"]
[Termination "normal"]
[Board "1.1"]
[WhiteElo "1750"]
[BlackElo "1920"]
[WhiteClock "00:03:36"]
[BlackClock "00:03:05"]
[WhiteTeam "Karlsruher SF 1853"]
[BlackTeam "Schachzentrum Seeblick e. V."]
[PlyCount "78"]
[WhiteFideId "16235037"]
[BlackFideId "16220005"]
[EventCountry "GER"]
[EventRounds "7"]
[EventType "team-swiss"]
[EventDate "2022.07.22"]

1. d4 {[%clk 01:30:58]} {[%emt 00:00:01]} d5 {[%clk 01:30:27]} {[%emt
00:00:33]} 2. Nf3 {[%clk 01:31:12]} {[%emt 00:00:16]} Nf6 {[%clk 01:30:16]}
{[%emt 00:00:41]} 3. e3 {[%clk 01:31:27]} {[%emt 00:00:15]} Bf5 {[%clk
01:30:10]} {[%emt 00:00:35]} 4. Bd3 {[%clk 01:31:28]} {[%emt 00:00:29]} Bg6
{[%clk 01:29:59]} {[%emt 00:00:41]} 5. O-O {[%clk 01:29:00]} {[%emt 00:02:58]}
e6 {[%clk 01:29:33]} {[%emt 00:00:56]} 6. b3 {[%clk 01:28:44]} {[%emt
00:00:46]} Be7 {[%clk 01:26:33]} {[%emt 00:03:29]} 7. Bb2 {[%clk 01:29:03]}
{[%emt 00:00:12]} O-O {[%clk 01:26:35]} {[%emt 00:00:28]} 8. Ne5 {[%clk
01:28:59]} {[%emt 00:00:34]} c5 {[%clk 01:25:01]} {[%emt 00:02:05]} 9. f4
{[%clk 01:27:16]} {[%emt 00:02:14]} Nc6 {[%clk 01:20:25]} {[%emt 00:05:05]} 10.
Nxg6 {[%clk 01:10:31]} {[%emt 00:17:15]} hxg6 {[%clk 01:20:32]} {[%emt
00:00:24]} 11. c3 {[%clk 01:07:43]} {[%emt 00:03:17]} Rc8 {[%clk 01:19:15]}
{[%emt 00:01:47]} 12. Nd2 {[%clk 01:07:10]} {[%emt 00:01:03]} a6 {[%clk
01:15:13]} {[%emt 00:04:32]} 13. a4 {[%clk 01:00:30]} {[%emt 00:07:10]} Qc7
{[%clk 01:11:17]} {[%emt 00:04:25]} 14. Qf3 {[%clk 00:49:53]} {[%emt 00:11:07]}
Bd6 {[%clk 01:06:05]} {[%emt 00:05:42]} 15. Kh1 {[%clk 00:44:51]} {[%emt
00:05:32]} Nd7 {[%clk 01:01:12]} {[%emt 00:05:23]} 16. e4 {[%clk 00:43:43]}
{[%emt 00:01:39]} dxe4 {[%clk 01:00:39]} {[%emt 00:01:03]} 17. Nxe4 {[%clk
00:43:49]} {[%emt 00:00:24]} cxd4 {[%clk 00:59:52]} {[%emt 00:01:17]} 18. cxd4
{[%clk 00:41:23]} {[%emt 00:02:55]} Be7 {[%clk 00:57:34]} {[%emt 00:02:48]} 19.
Bc4 {[%clk 00:34:41]} {[%emt 00:07:13]} Nf6 {[%clk 00:55:47]} {[%emt 00:02:18]}
20. Ng5 {[%clk 00:32:21]} {[%emt 00:02:50]} Rcd8 {[%clk 00:47:06]} {[%emt
00:09:11]} 21. Rad1 {[%clk 00:27:31]} {[%emt 00:05:20]} Nd5 {[%clk 00:43:47]}
{[%emt 00:03:49]} 22. Qh3 {[%clk 00:24:46]} {[%emt 00:03:15]} Bxg5 {[%clk
00:43:17]} {[%emt 00:01:00]} 23. fxg5 {[%clk 00:25:07]} {[%emt 00:00:08]} Nce7
{[%clk 00:34:23]} {[%emt 00:09:25]} 24. Ba3 {[%clk 00:22:50]} {[%emt 00:02:47]}
Rfe8 {[%clk 00:33:29]} {[%emt 00:01:23]} 25. Bxe7 {[%clk 00:21:22]} {[%emt
00:01:58]} Qxe7 {[%clk 00:32:16]} {[%emt 00:01:43]} 26. Qg3 {[%clk 00:20:14]}
{[%emt 00:01:38]} Nb6 {[%clk 00:26:06]} {[%emt 00:06:41]} 27. Rf3 {[%clk
00:15:46]} {[%emt 00:04:58]} Nxc4 {[%clk 00:21:08]} {[%emt 00:05:27]} 28. bxc4
{[%clk 00:15:50]} {[%emt 00:00:26]} Qb4 {[%clk 00:13:53]} {[%emt 00:07:46]} 29.
Qf4 {[%clk 00:13:47]} {[%emt 00:02:33]} Rd7 {[%clk 00:08:32]} {[%emt 00:05:50]}
30. Rh3 {[%clk 00:11:41]} {[%emt 00:02:37]} Qxa4 {[%clk 00:08:01]} {[%emt
00:01:01]} 31. Re1 {[%clk 00:11:04]} {[%emt 00:01:05]} Qxc4 {[%clk 00:06:21]}
{[%emt 00:02:10]} 32. Rh4 {[%clk 00:06:34]} {[%emt 00:05:01]} Red8 {[%clk
00:05:30]} {[%emt 00:01:21]} 33. Rf1 {[%clk 00:06:12]} {[%emt 00:00:51]} Qxd4
{[%clk 00:04:09]} {[%emt 00:01:51]} 34. Qg3 {[%clk 00:06:04]} {[%emt 00:00:39]}
Qd3 {[%clk 00:04:17]} {[%emt 00:00:21]} 35. Qf2 {[%clk 00:06:16]} {[%emt
00:00:19]} Qd2 {[%clk 00:03:51]} {[%emt 00:00:57]} 36. Qf3 {[%clk 00:05:17]}
{[%emt 00:01:29]} Qxg5 {[%clk 00:03:02]} {[%emt 00:01:19]} 37. Qh3 {[%clk
00:05:16]} {[%emt 00:00:31]} f5 {[%clk 00:02:32]} {[%emt 00:01:00]} 38. Rh8+
{[%clk 00:03:15]} {[%emt 00:02:31]} Kf7 {[%clk 00:03:01]} 39. Rxd8 {[%clk
00:03:36]} {[%emt 00:00:09]} Qxd8 {[%clk 00:03:05]} {[%emt 00:00:26]} 0-1

[Event "DVM U20w 2021"]
[Site "Kiel GER"]
[Date "2022.07.24"]
[Round "4"]
[White "Hrebenshchykova, Yelyzaveta"]
[Black "Tabakh, Tassnim"]
[Result "1-0"]
[Termination "normal"]
[Board "2.1"]
[WhiteElo "2088"]
[BlackElo "1241"]
[WhiteClock "00:35:17"]
[BlackClock "00:46:10"]
[WhiteTeam "SC Noris-Tarrasch Nürnberg 1873 e.V."]
[BlackTeam "SV Bad Oldesloe"]
[PlyCount "59"]
[WhiteFideId "14159899"]
[BlackFideId "16274040"]
[EventCountry "GER"]
[EventRounds "7"]
[EventType "team-swiss"]
[EventDate "2022.07.22"]

1. e4 {[%clk 01:30:56]} {[%emt 00:00:02]} c6 {[%clk 01:30:53]} {[%emt
00:00:07]} 2. d4 {[%clk 01:24:52]} {[%emt 00:06:35]} d5 {[%clk 01:31:15]}
{[%emt 00:00:08]} 3. exd5 {[%clk 01:24:24]} {[%emt 00:00:58]} cxd5 {[%clk
01:31:37]} {[%emt 00:00:08]} 4. c4 {[%clk 01:24:50]} {[%emt 00:00:05]} e6
{[%clk 01:31:01]} {[%emt 00:01:05]} 5. Nc3 {[%clk 01:25:07]} {[%emt 00:00:12]}
Bb4 {[%clk 01:28:28]} {[%emt 00:03:03]} 6. Nf3 {[%clk 01:13:51]} {[%emt
00:11:47]} Bxc3+ {[%clk 01:28:08]} {[%emt 00:00:49]} 7. bxc3 {[%clk 01:14:15]}
{[%emt 00:00:05]} b6 {[%clk 01:23:21]} {[%emt 00:05:17]} 8. cxd5 {[%clk
01:09:17]} {[%emt 00:05:28]} exd5 {[%clk 01:21:48]} {[%emt 00:02:02]} 9. Ne5
{[%clk 01:08:51]} {[%emt 00:00:57]} Qe7 {[%clk 01:17:35]} {[%emt 00:04:42]} 10.
Bb5+ {[%clk 00:58:54]} {[%emt 00:10:29]} Bd7 {[%clk 01:16:10]} {[%emt
00:01:56]} 11. Bxd7+ {[%clk 00:58:05]} {[%emt 00:01:19]} Nxd7 {[%clk 01:15:49]}
{[%emt 00:00:51]} 12. O-O {[%clk 00:58:28]} {[%emt 00:00:07]} Nxe5 {[%clk
01:15:20]} {[%emt 00:00:59]} 13. Re1 {[%clk 00:58:18]} {[%emt 00:00:41]} Qd7
{[%clk 01:06:14]} {[%emt 00:09:34]} 14. Rxe5+ {[%clk 00:56:57]} {[%emt
00:01:52]} Ne7 {[%clk 01:06:08]} {[%emt 00:00:36]} 15. Ba3 {[%clk 00:55:59]}
{[%emt 00:01:28]} O-O {[%clk 01:01:59]} {[%emt 00:04:39]} 16. Rxe7 {[%clk
00:56:08]} {[%emt 00:00:22]} Qc6 {[%clk 01:01:24]} {[%emt 00:01:03]} 17. Qd2
{[%clk 00:54:46]} {[%emt 00:01:54]} Rac8 {[%clk 01:00:53]} {[%emt 00:00:59]}
18. Re3 {[%clk 00:54:50]} {[%emt 00:00:27]} Rfd8 {[%clk 01:00:40]} {[%emt
00:00:41]} 19. Rae1 {[%clk 00:54:52]} {[%emt 00:00:30]} h6 {[%clk 00:59:03]}
{[%emt 00:02:07]} 20. h3 {[%clk 00:53:58]} {[%emt 00:01:24]} a5 {[%clk
00:55:26]} {[%emt 00:04:07]} 21. Rg3 {[%clk 00:51:59]} {[%emt 00:02:30]} Re8
{[%clk 00:54:07]} {[%emt 00:01:48]} 22. Re5 {[%clk 00:44:15]} {[%emt 00:08:14]}
Re6 {[%clk 00:52:08]} {[%emt 00:02:29]} 23. Rxe6 {[%clk 00:40:31]} {[%emt
00:04:15]} Qxe6 {[%clk 00:52:02]} {[%emt 00:00:36]} 24. Qe3 {[%clk 00:40:54]}
{[%emt 00:00:07]} Qc6 {[%clk 00:51:12]} {[%emt 00:01:19]} 25. Qe5 {[%clk
00:40:56]} {[%emt 00:00:28]} g6 {[%clk 00:50:27]} {[%emt 00:01:16]} 26. Qf4
{[%clk 00:39:12]} {[%emt 00:02:14]} g5 {[%clk 00:49:31]} {[%emt 00:01:26]} 27.
h4 {[%clk 00:35:16]} {[%emt 00:04:26]} f6 {[%clk 00:48:46]} {[%emt 00:01:14]}
28. Qf5 {[%clk 00:35:36]} {[%emt 00:00:10]} Kh8 {[%clk 00:46:49]} {[%emt
00:02:26]} 29. Be7 {[%clk 00:34:58]} {[%emt 00:01:09]} Kg7 {[%clk 00:46:10]}
{[%emt 00:01:10]} 30. Bxf6+ {[%clk 00:35:17]} {[%emt 00:00:11]} 1-0

[Event "DVM U20w 2021"]
[Site "Kiel GER"]
[Date "2022.07.24"]
[Round "4"]
[White "Albayrak, Berrak"]
[Black "Xie, Kelly"]
[Result "1-0"]
[Termination "normal"]
[Board "2.3"]
[WhiteElo "1592"]
[BlackElo "917"]
[WhiteClock "00:52:44"]
[BlackClock "00:39:20"]
[WhiteTeam "SC Noris-Tarrasch Nürnberg 1873 e.V."]
[BlackTeam "SV Bad Oldesloe"]
[PlyCount "101"]
[WhiteFideId "16241657"]
[BlackFideId "34628444"]
[EventCountry "GER"]
[EventRounds "7"]
[EventType "team-swiss"]
[EventDate "2022.07.22"]

1. e4 {[%clk 01:30:57]} d5 {[%clk 01:30:54]} {[%emt 00:00:07]} 2. exd5 {[%clk
01:31:21]} {[%emt 00:00:07]} Nf6 {[%clk 01:31:19]} {[%emt 00:00:04]} 3. Nc3
{[%clk 01:30:58]} {[%emt 00:00:52]} c6 {[%clk 01:29:27]} {[%emt 00:02:22]} 4.
dxc6 {[%clk 01:28:34]} {[%emt 00:02:54]} Nxc6 {[%clk 01:29:41]} {[%emt
00:00:16]} 5. Nf3 {[%clk 01:26:21]} {[%emt 00:02:43]} e5 {[%clk 01:29:37]}
{[%emt 00:00:34]} 6. Bb5 {[%clk 01:18:42]} {[%emt 00:08:09]} Qe7 {[%clk
01:23:23]} {[%emt 00:06:42]} 7. Qe2 {[%clk 01:14:49]} {[%emt 00:04:24]} e4
{[%clk 01:18:34]} {[%emt 00:05:19]} 8. Nd4 {[%clk 01:13:44]} {[%emt 00:01:35]}
Bd7 {[%clk 01:16:44]} {[%emt 00:02:20]} 9. Nxc6 {[%clk 01:11:48]} {[%emt
00:02:26]} bxc6 {[%clk 01:16:31]} {[%emt 00:00:43]} 10. Bc4 {[%clk 01:10:59]}
{[%emt 00:01:20]} g6 {[%clk 01:12:05]} {[%emt 00:04:56]} 11. d3 {[%clk
01:08:28]} {[%emt 00:03:02]} Bf5 {[%clk 01:10:26]} {[%emt 00:02:08]} 12. dxe4
{[%clk 01:07:19]} {[%emt 00:01:39]} Nxe4 {[%clk 01:07:26]} {[%emt 00:03:30]}
13. Nxe4 {[%clk 00:57:01]} {[%emt 00:10:48]} Bxe4 {[%clk 01:04:58]} {[%emt
00:02:57]} 14. O-O {[%clk 00:55:42]} {[%emt 00:01:50]} Bg7 {[%clk 01:00:36]}
{[%emt 00:04:52]} 15. Re1 {[%clk 00:55:18]} {[%emt 00:00:55]} O-O {[%clk
00:51:56]} {[%emt 00:09:10]} 16. Qxe4 {[%clk 00:54:06]} {[%emt 00:01:42]} Qxe4
{[%clk 00:51:36]} {[%emt 00:00:50]} 17. Rxe4 {[%clk 00:54:25]} {[%emt
00:00:11]} Rae8 {[%clk 00:47:00]} {[%emt 00:04:54]} 18. Rxe8 {[%clk 00:53:31]}
{[%emt 00:01:37]} Rxe8 {[%clk 00:47:12]} {[%emt 00:00:17]} 19. Be3 {[%clk
00:53:24]} {[%emt 00:00:37]} Bxb2 {[%clk 00:46:52]} {[%emt 00:00:50]} 20. Rb1
{[%clk 00:52:48]} {[%emt 00:01:06]} Bg7 {[%clk 00:45:35]} {[%emt 00:01:47]} 21.
Rb7 {[%clk 00:49:46]} {[%emt 00:03:31]} Rf8 {[%clk 00:39:52]} {[%emt 00:06:13]}
22. Bc5 {[%clk 00:47:39]} {[%emt 00:02:38]} h5 {[%clk 00:36:21]} {[%emt
00:04:01]} 23. Bxf8 {[%clk 00:47:59]} {[%emt 00:00:10]} Bxf8 {[%clk 00:36:31]}
{[%emt 00:00:20]} 24. Rxf7 {[%clk 00:47:26]} {[%emt 00:01:03]} a5 {[%clk
00:36:18]} {[%emt 00:00:43]} 25. Rc7+ {[%clk 00:47:29]} {[%emt 00:00:27]} Kh8
{[%clk 00:36:14]} {[%emt 00:00:34]} 26. Rxc6 {[%clk 00:47:47]} {[%emt
00:00:12]} Kg7 {[%clk 00:36:06]} {[%emt 00:00:38]} 27. Bd3 {[%clk 00:48:10]}
{[%emt 00:00:07]} g5 {[%clk 00:35:34]} {[%emt 00:01:01]} 28. Rg6+ {[%clk
00:48:32]} {[%emt 00:00:09]} Kf7 {[%clk 00:35:39]} {[%emt 00:00:24]} 29. Rxg5
{[%clk 00:48:57]} {[%emt 00:00:06]} Ke6 {[%clk 00:35:18]} {[%emt 00:00:50]} 30.
Rxh5 {[%clk 00:49:20]} {[%emt 00:00:08]} a4 {[%clk 00:35:15]} {[%emt 00:00:32]}
31. a3 {[%clk 00:48:35]} {[%emt 00:01:16]} Be7 {[%clk 00:35:17]} {[%emt
00:00:26]} 32. Ra5 {[%emt 00:01:01]} Bxa3 {[%clk 00:35:05]} {[%emt 00:00:02]}
33. Rxa4 {[%clk 00:49:06]} {[%emt 00:00:09]} Bd6 {[%clk 00:35:16]} {[%emt
00:00:19]} 34. Ra6 {[%clk 00:49:28]} {[%emt 00:00:09]} Kd5 {[%clk 00:35:30]}
{[%emt 00:00:12]} 35. c4+ {[%clk 00:49:38]} {[%emt 00:00:23]} Kc5 {[%clk
00:35:44]} {[%emt 00:00:15]} 36. Rxd6 {[%clk 00:50:01]} {[%emt 00:00:08]} Kxd6
{[%clk 00:35:25]} {[%emt 00:00:48]} 37. h4 {[%clk 00:50:21]} {[%emt 00:00:11]}
Ke6 {[%clk 00:35:37]} {[%emt 00:00:18]} 38. h5 {[%clk 00:50:41]} {[%emt
00:00:10]} Kf6 {[%clk 00:35:57]} {[%emt 00:00:09]} 39. c5 {[%clk 00:51:04]}
{[%emt 00:00:08]} Kg5 {[%clk 00:36:12]} {[%emt 00:00:14]} 40. c6 {[%clk
00:51:26]} {[%emt 00:00:08]} Kxh5 {[%clk 00:36:23]} {[%emt 00:00:19]} 41. c7
{[%clk 00:51:48]} {[%emt 00:00:09]} Kg5 {[%clk 00:36:36]} {[%emt 00:00:17]} 42.
c8=Q {[%clk 00:51:54]} {[%emt 00:00:24]} Kf6 {[%clk 00:36:56]} {[%emt
00:00:08]} 43. Qf5+ {[%clk 00:52:08]} {[%emt 00:00:17]} Ke7 {[%clk 00:37:16]}
{[%emt 00:00:08]} 44. g4 {[%clk 00:52:24]} {[%emt 00:00:15]} Kd6 {[%clk
00:37:29]} {[%emt 00:00:17]} 45. g5 {[%clk 00:52:45]} {[%emt 00:00:10]} Kc6
{[%clk 00:37:50]} {[%emt 00:00:08]} 46. g6 {[%clk 00:53:05]} {[%emt 00:00:10]}
Kc7 {[%clk 00:38:09]} {[%emt 00:00:09]} 47. g7 {[%clk 00:53:27]} {[%emt
00:00:10]} Kd6 {[%clk 00:38:30]} {[%emt 00:00:08]} 48. g8=Q {[%clk 00:53:36]}
{[%emt 00:00:22]} Kc6 {[%clk 00:38:50]} {[%emt 00:00:10]} 49. Qgg6+ {[%clk
00:54:00]} {[%emt 00:00:06]} Kc7 {[%clk 00:38:56]} 50. Qff7+ {[%clk 00:54:00]}
Kd8 {[%clk 00:39:20]} {[%emt 00:00:35]} 51. Qgg8# {[%clk 00:52:44]} {[%emt
00:00:08]} 1-0

[Event "DVM U20w 2021"]
[Site "Kiel GER"]
[Date "2022.07.24"]
[Round "4"]
[White "Sickmann, Lisa"]
[Black "Browning, Rebecca"]
[Result "1/2-1/2"]
[Termination "normal"]
[Board "3.1"]
[WhiteElo "1672"]
[BlackElo "1938"]
[WhiteClock "00:05:55"]
[BlackClock "00:30:03"]
[WhiteTeam "SK Doppelbauer Kiel"]
[BlackTeam "SK Nordhorn-Blanke"]
[PlyCount "93"]
[WhiteFideId "16267818"]
[BlackFideId "12984027"]
[EventCountry "GER"]
[EventRounds "7"]
[EventType "team-swiss"]
[EventDate "2022.07.22"]

1. e4 {[%clk 01:30:58]} {[%emt 00:00:01]} e6 {[%clk 01:30:56]} {[%emt
00:00:06]} 2. d4 {[%clk 01:31:23]} {[%emt 00:00:04]} d5 {[%clk 01:31:24]}
{[%emt 00:00:04]} 3. Bd3 {[%clk 01:31:48]} {[%emt 00:00:03]} c5 {[%clk
01:31:39]} {[%emt 00:00:15]} 4. c3 {[%clk 01:31:40]} {[%emt 00:00:38]} Nc6
{[%clk 01:31:50]} {[%emt 00:00:20]} 5. Ne2 {[%clk 01:31:49]} {[%emt 00:00:21]}
Bd7 {[%clk 01:31:28]} {[%emt 00:00:50]} 6. O-O {[%clk 01:32:03]} {[%emt
00:00:15]} dxe4 {[%clk 01:29:05]} {[%emt 00:02:54]} 7. Bxe4 {[%clk 01:32:22]}
{[%emt 00:00:12]} Nf6 {[%clk 01:29:28]} {[%emt 00:00:06]} 8. Bf3 {[%clk
01:32:41]} {[%emt 00:00:10]} Bd6 {[%clk 01:27:38]} {[%emt 00:02:21]} 9. Be3
{[%clk 01:28:42]} {[%emt 00:04:29]} cxd4 {[%clk 01:26:22]} {[%emt 00:01:47]}
10. cxd4 {[%clk 01:24:16]} {[%emt 00:04:55]} Qc7 {[%clk 01:25:07]} {[%emt
00:01:45]} 11. h3 {[%clk 01:23:15]} {[%emt 00:01:31]} h6 {[%clk 01:19:59]}
{[%emt 00:05:39]} 12. Nbc3 {[%clk 01:23:19]} {[%emt 00:00:25]} a6 {[%clk
01:19:12]} {[%emt 00:01:17]} 13. Ne4 {[%clk 01:17:36]} {[%emt 00:06:14]} Nxe4
{[%clk 01:18:24]} {[%emt 00:01:17]} 14. Bxe4 {[%clk 01:17:56]} {[%emt
00:00:10]} O-O {[%clk 01:16:02]} {[%emt 00:02:53]} 15. Rc1 {[%clk 01:17:34]}
{[%emt 00:00:52]} Qd8 {[%clk 01:11:59]} {[%emt 00:04:33]} 16. d5 {[%clk
01:13:22]} {[%emt 00:04:42]} exd5 {[%clk 01:11:18]} {[%emt 00:01:12]} 17. Bxd5
{[%clk 01:13:20]} {[%emt 00:00:31]} Be5 {[%clk 01:10:40]} {[%emt 00:01:07]} 18.
Nc3 {[%clk 01:12:10]} {[%emt 00:01:41]} Rb8 {[%clk 01:10:04]} {[%emt 00:01:06]}
19. Qf3 {[%clk 01:09:27]} {[%emt 00:03:15]} Qf6 {[%clk 01:03:27]} {[%emt
00:07:07]} 20. Rfd1 {[%clk 01:08:52]} {[%emt 00:01:05]} Qxf3 {[%clk 01:02:07]}
{[%emt 00:01:49]} 21. Bxf3 {[%clk 01:09:11]} {[%emt 00:00:11]} Be6 {[%clk
01:02:18]} {[%emt 00:00:19]} 22. b3 {[%clk 01:08:32]} {[%emt 00:01:08]} Rbc8
{[%clk 00:56:48]} {[%emt 00:06:00]} 23. Nd5 {[%clk 01:07:30]} {[%emt 00:01:31]}
Rcd8 {[%clk 00:48:01]} {[%emt 00:09:18]} 24. a4 {[%clk 01:04:24]} {[%emt
00:03:36]} Kh8 {[%clk 00:36:56]} {[%emt 00:11:36]} 25. b4 {[%clk 01:03:45]}
{[%emt 00:01:08]} Bxd5 {[%clk 00:36:06]} {[%emt 00:01:20]} 26. Bxd5 {[%clk
01:03:58]} {[%emt 00:00:16]} Nxb4 {[%clk 00:36:29]} {[%emt 00:00:08]} 27. Bc5
{[%clk 01:00:28]} {[%emt 00:04:00]} Bd6 {[%clk 00:36:30]} {[%emt 00:00:29]} 28.
Bxd6 {[%clk 01:00:17]} {[%emt 00:00:41]} Rxd6 {[%clk 00:36:54]} {[%emt
00:00:06]} 29. Bxb7 {[%clk 01:00:17]} {[%emt 00:00:29]} Rfd8 {[%clk 00:33:11]}
{[%emt 00:04:14]} 30. Rxd6 {[%clk 01:00:16]} {[%emt 00:00:32]} Rxd6 {[%clk
00:33:36]} {[%emt 00:00:04]} 31. Rc7 {[%clk 01:00:18]} {[%emt 00:00:27]} Kg8
{[%clk 00:31:59]} {[%emt 00:02:08]} 32. a5 {[%clk 00:53:10]} {[%emt 00:07:37]}
Kf8 {[%clk 00:31:13]} {[%emt 00:01:17]} 33. Kf1 {[%clk 00:50:36]} {[%emt
00:03:03]} Ke8 {[%clk 00:30:49]} {[%emt 00:00:54]} 34. Rc4 {[%clk 00:50:05]}
{[%emt 00:01:02]} Nd3 {[%clk 00:29:38]} {[%emt 00:01:41]} 35. Ke2 {[%clk
00:42:02]} {[%emt 00:08:33]} Kd7 {[%clk 00:23:06]} {[%emt 00:07:03]} 36. Ke3
{[%clk 00:41:10]} {[%emt 00:01:22]} Ne5 {[%clk 00:22:31]} {[%emt 00:01:03]} 37.
Rc5 {[%clk 00:35:46]} {[%emt 00:05:54]} f6 {[%clk 00:20:44]} {[%emt 00:02:17]}
38. f4 {[%clk 00:33:22]} {[%emt 00:02:54]} Nf7 {[%clk 00:20:52]} {[%emt
00:00:21]} 39. Ke4 {[%clk 00:28:39]} {[%emt 00:05:11]} g6 {[%clk 00:20:16]}
{[%emt 00:01:08]} 40. g4 {[%clk 00:25:14]} {[%emt 00:03:55]} Nd8 {[%clk
00:14:58]} {[%emt 00:05:49]} 41. Bc8+ {[%clk 00:24:42]} {[%emt 00:01:01]} Ke8
{[%clk 00:13:35]} {[%emt 00:01:52]} 42. Rc7 {[%clk 00:06:19]} {[%emt 00:18:53]}
Nc6 {[%clk 00:12:05]} {[%emt 00:02:00]} 43. Bd7+ {[%clk 00:05:59]} {[%emt
00:00:51]} Kd8 {[%clk 00:12:26]} {[%emt 00:00:08]} 44. Rxc6 {[%clk 00:06:06]}
{[%emt 00:00:23]} Kxd7 {[%clk 00:12:51]} {[%emt 00:00:06]} 45. Rxd6+ {[%clk
00:05:51]} {[%emt 00:00:46]} Kxd6 {[%clk 00:13:16]} {[%emt 00:00:05]} 46. Kd4
{[%clk 00:05:55]} {[%emt 00:00:26]} Kc6 {[%clk 00:30:03]} {[%emt 00:13:43]} 47.
Ke4 {[%emt 00:08:02]} 1/2-1/2

[Event "DVM U20w 2021"]
[Site "Kiel GER"]
[Date "2022.07.24"]
[Round "4"]
[White "Brunner, Sophia"]
[Black "Rempe, Mieke"]
[Result "1-0"]
[Termination "normal"]
[Board "3.2"]
[WhiteElo "1804"]
[BlackElo "1646"]
[WhiteClock "00:07:58"]
[BlackClock "00:21:41"]
[WhiteTeam "SK Nordhorn-Blanke"]
[BlackTeam "SK Doppelbauer Kiel"]
[PlyCount "57"]
[WhiteFideId "12960683"]
[BlackFideId "16202384"]
[EventCountry "GER"]
[EventRounds "7"]
[EventType "team-swiss"]
[EventDate "2022.07.22"]

1. e4 {[%clk 01:30:57]} {[%emt 00:00:01]} e5 {[%clk 01:30:54]} {[%emt
00:00:06]} 2. d4 {[%clk 01:30:08]} {[%emt 00:01:19]} exd4 {[%clk 01:28:28]}
{[%emt 00:02:56]} 3. Qxd4 {[%clk 01:30:19]} {[%emt 00:00:19]} Nc6 {[%clk
01:27:43]} {[%emt 00:01:15]} 4. Qe3 {[%clk 01:26:34]} {[%emt 00:04:14]} b6
{[%clk 01:25:30]} {[%emt 00:02:44]} 5. Nc3 {[%clk 01:25:59]} {[%emt 00:01:05]}
Bb7 {[%clk 01:23:20]} {[%emt 00:02:40]} 6. a3 {[%clk 01:25:54]} {[%emt
00:00:35]} Bc5 {[%clk 01:18:10]} {[%emt 00:05:39]} 7. Qg3 {[%clk 01:22:55]}
{[%emt 00:03:29]} Bd4 {[%clk 01:13:18]} {[%emt 00:05:22]} 8. Nd5 {[%clk
01:07:26]} {[%emt 00:15:59]} d6 {[%clk 01:10:43]} {[%emt 00:03:06]} 9. c3
{[%clk 01:02:45]} {[%emt 00:05:12]} Bf6 {[%clk 01:07:50]} {[%emt 00:03:22]} 10.
Bc4 {[%clk 00:59:29]} {[%emt 00:03:47]} Ne5 {[%clk 01:03:22]} {[%emt 00:04:57]}
11. Be2 {[%clk 00:47:41]} {[%emt 00:12:18]} c6 {[%clk 00:58:30]} {[%emt
00:05:22]} 12. Nxf6+ {[%clk 00:46:52]} {[%emt 00:01:19]} Qxf6 {[%clk 00:52:21]}
{[%emt 00:06:38]} 13. Nf3 {[%clk 00:40:09]} {[%emt 00:07:14]} h6 {[%clk
00:46:00]} {[%emt 00:06:51]} 14. Bf4 {[%clk 00:38:39]} {[%emt 00:02:00]} Nxf3+
{[%clk 00:44:23]} {[%emt 00:02:08]} 15. Bxf3 {[%clk 00:38:20]} {[%emt
00:00:49]} Rd8 {[%clk 00:39:24]} {[%emt 00:05:28]} 16. O-O-O {[%clk 00:31:17]}
{[%emt 00:07:33]} Ne7 {[%clk 00:32:35]} {[%emt 00:07:20]} 17. Rxd6 {[%clk
00:29:00]} {[%emt 00:02:47]} Rxd6 {[%clk 00:32:57]} {[%emt 00:00:08]} 18. Bxd6
{[%clk 00:29:23]} {[%emt 00:00:08]} O-O {[%clk 00:31:59]} {[%emt 00:01:27]} 19.
Be5 {[%clk 00:24:44]} {[%emt 00:05:10]} Qg6 {[%clk 00:31:58]} {[%emt 00:00:31]}
20. Rd1 {[%clk 00:24:38]} {[%emt 00:00:36]} f6 {[%clk 00:29:05]} {[%emt
00:03:23]} 21. Bf4 {[%clk 00:20:24]} {[%emt 00:04:44]} Bc8 {[%clk 00:26:22]}
{[%emt 00:03:13]} 22. Rd6 {[%clk 00:13:46]} {[%emt 00:07:08]} c5 {[%clk
00:24:49]} {[%emt 00:02:03]} 23. h4 {[%clk 00:11:31]} {[%emt 00:02:45]} Qxg3
{[%clk 00:24:40]} 24. Bxg3 {[%clk 00:11:53]} {[%emt 00:00:47]} Ng6 {[%clk
00:24:48]} {[%emt 00:00:22]} 25. Be2 {[%clk 00:10:22]} {[%emt 00:02:01]} Bb7
{[%clk 00:21:53]} {[%emt 00:03:25]} 26. Bc4+ {[%clk 00:10:13]} {[%emt
00:00:39]} Kh8 {[%clk 00:21:41]} {[%emt 00:00:41]} 27. f3 {[%clk 00:10:24]}
{[%emt 00:00:19]} Ne5 {[%clk 00:21:18]} {[%emt 00:00:53]} 28. Bxe5 {[%clk
00:08:58]} {[%emt 00:01:56]} fxe5 {[%clk 00:21:41]} {[%emt 00:00:07]} 29. Re6
{[%clk 00:07:58]} {[%emt 00:01:30]} 1-0